Cơ sở lý thuyết đàn hồi, lý thuyết dẻo, lý thuyết từ biến. t.II /

সংরক্ষণ করুন:
গ্রন্থ-পঞ্জীর বিবরন
প্রধান লেখক: Bêdukhôp, N. I.
বিন্যাস: Sách giấy
ভাষা:Vietnamese
প্রকাশিত: H. : Đại học và Trung học chuyên nghiệp, 1980.
ট্যাগগুলো: ট্যাগ যুক্ত করুন
কোনো ট্যাগ নেই, প্রথমজন হিসাবে ট্যাগ করুন!
Thư viện lưu trữ: Thư viện Trường Đại học Đà Lạt
LEADER 00707nam a2200277 4500
001 DLU140159270
005 ##20141023
040 # # |a DLU  |b vie 
041 # # |a vie 
044 # # |a vn 
082 # # |a 531.382  |b BE-N 
100 # # |a Bêdukhôp, N. I. 
245 # # |a Cơ sở lý thuyết đàn hồi, lý thuyết dẻo, lý thuyết từ biến.  |n t.II /  |c Bêdukhôp, N. I. 
260 # # |a H. :  |b Đại học và Trung học chuyên nghiệp,  |c 1980. 
300 # # |a 256 tr. ;  |c 22 cm. 
923 # # |a TL 
991 # # |a SH 
992 # # |a 2,90 
994 # # |a DLU 
900 # # |a True 
911 # # |a Nguyễn Thị Mai Anh 
925 # # |a G 
926 # # |a A 
927 # # |a SH 
980 # # |a Thư viện Trường Đại học Đà Lạt